000 00371nam a2200157Ia 4500
005 20241105115115.0
008 240126s9999 xx 000 0 und d
020 _a9788175992825
082 _a823.912 WEL;1 R
100 _aWells, H G.
245 4 _aThe war of the worlds
260 _bClassics
_aNew Delhi
_c2015
300 _a215
440 _aNULL
942 _cPU
999 _c284402
_d284402